书目信息 |
| 题名: |
星空摄影基础入门
|
|
| 作者: | 丁逸峰 著 | |
| 分册: | ||
| 出版信息: | 北京 电子工业出版社 2022 |
|
| 页数: | 197页 | |
| 开本: | 26cm | |
| 丛书名: | ||
| 单 册: | ||
| 中图分类: | J419.9 , J419 | |
| 科图分类: | ||
| 主题词: | 天文摄影--摄影艺术 | |
| 电子资源: | ||
| ISBN: | 978-7-121-43152-4 | |
| 000 | 00923nam0 2200265 450 | |
| 001 | 2250359363 | |
| 005 | 20221007135950.14 | |
| 010 | @a978-7-121-43152-4@dCNY99.00 | |
| 100 | @a20220522d2022 em y0chiy50 ea | |
| 101 | 0 | @achi |
| 102 | @aCN@b110000 | |
| 105 | @aab z 000yy | |
| 200 | 1 | @a星空摄影基础入门@9xing kong she ying ji chu ru men@f丁逸峰著 |
| 210 | @a北京@c电子工业出版社@d2022 | |
| 215 | @a197页@c彩图,彩照,地图@d26cm | |
| 300 | @a有艺 | |
| 312 | @a封面英文题名:The astrophotography class | |
| 330 | @a本书是从前期准备、实战拍摄、后期处理各方面编写的全系统拍星教程,作者以实际拍摄经验为主,解释星野拍摄的具体方法和后期技巧,并针对每一个不同的拍摄环境给出专业的拍摄步骤、具体参数。 | |
| 510 | 1 | @aAstrophotography class@zeng |
| 606 | 0 | @a天文摄影@x摄影艺术 |
| 690 | @aJ419.9@v5 | |
| 690 | @aJ419@v4 | |
| 701 | 0 | @a丁逸峰@9ding yi feng@4著 |
| 801 | 0 | @aCN@b91MARC@c20220712 |
| 905 | @aZUCC@dJ419@e4 | |
| 星空摄影基础入门/丁逸峰著.-北京:电子工业出版社,2022 |
| 197页:彩图,彩照,地图;26cm |
| 有艺 |
| ISBN 978-7-121-43152-4:CNY99.00 |
| 本书是从前期准备、实战拍摄、后期处理各方面编写的全系统拍星教程,作者以实际拍摄经验为主,解释星野拍摄的具体方法和后期技巧,并针对每一个不同的拍摄环境给出专业的拍摄步骤、具体参数。 |
| ● |
| 相关链接 |
|
|
|
正题名:星空摄影基础入门
索取号:J419/4
 
预约/预借
| 序号 | 登录号 | 条形码 | 馆藏地/架位号 | 状态 | 备注 |
| 1 | 2000911678 | 2000911678 | 第三书库/ [索取号:J419/4] | 在馆 | |
| 2 | 2000911679 | 2000911679 | 第三书库/ [索取号:J419/4] | 在馆 | |
| 3 | 2000911680 | 2000911680 | 第三书库/ [索取号:J419/4] | 在馆 |